000
00260nam a2200121Ia 4500
008
190216s9999||||xx |||||||||||||| ||und||
100
_a
Ryan W J L
245
0
_a
Price Theory
260
_b
Macmillan
_c
1967
300
_a
396p
650
_a
Economics
942
_c
BK
999
_c
9218
_d
9218